APEC Schools

Conceptual physics: the high school physics program (Record no. 72)

000 -LEADER
fixed length control field nam a22 7a 4500
005 - DATE AND TIME OF LATEST TRANSACTION
control field 20170810033233.0
008 - FIXED-LENGTH DATA ELEMENTS--GENERAL INFORMATION
fixed length control field 170810b xxu||||| |||| 00| 0 eng d
020 ## - IDENTIFIER FOR THE MANIFESTATION
Identifier for the Manifestation 9780131663015
Binding hardback
040 ## - CATALOGING SOURCE
Language of Cataloging eng
Transcribing Agency APEC Schools Library
Description Conventions rda
082 ## - DEWEY DECIMAL CLASSIFICATION NUMBER
Classification number C 530
Author's Number H497c 2006
100 ## - CREATOR
Preferred Name of the Person Hewitt, Paul G.
245 ## - TITLE AND STATEMENT OF RESPONSIBILITY
Preferred Title Proper Conceptual physics: the high school physics program
Statement of Responsibility/Parallel Statement of Responsibility Paul G. Hewitt
264 ## - PUBLICATION STATEMENT
Place of publication, distribution, etc Boston, MA :
Publisher's Name/Parallel Publisher's Name Pearson Education
Copyright ©2006
Date of Publication [2006]
300 ## - PHYSICAL DESCRIPTION
Extent xix, 723 pages :
Dimensions 26 cm
336 ## - RDA CONTENT
Source rdacontent
Content Type text
337 ## - RDA MEDIA
Source rdamedia
Media Type unmediated
338 ## - RDA CARRIER
Source rdacarrier
Carrier Type volume
504 ## - BIBLIOGRAPHY, ETC. NOTE
Bibliography, etc Includes bibliographical references and index.
650 ## - ADDED SUBJECT ACCESS POINT - TOPICAL TERM
Topical Term Physics
Form Subdivision Textbooks
942 ## - ADDED ENTRY ELEMENTS (KOHA)
Source of Classification
Koha Item Type Books
Holdings
Library Site Location Shelving Location Source of Acquisition Full Classification Number Accession Number Koha Item Type
APEC New Manila Library APEC New Manila Library Circulation   C 530 H497c 2006 C03-0000026 Non Fiction

Powered by Koha